Communities and Local Government Committee (Record no. 80506)
[ view plain ]
| 000 -LEADER | |
|---|---|
| fixed length control field | 01869cad a22001935a 4500 |
| 001 - CONTROL NUMBER | |
| control field | L144522 |
| 008 - FIXED-LENGTH DATA ELEMENTS--GENERAL INFORMATION | |
| fixed length control field | 080725e20080714xxk f f000 0 eng d |
| 035 ## - SYSTEM CONTROL NUMBER | |
| System control number | (Sirsi) u144522 |
| 041 0# - LANGUAGE CODE | |
| Language code of text/sound track or separate title | eng |
| 110 1# - MAIN ENTRY--CORPORATE NAME | |
| Corporate name or jurisdiction name as entry element | United Kingdom |
| Subordinate unit | Parliament |
| -- | House of Commons |
| -- | Select Committee on Communities and Local Government |
| 9 (RLIN) | 5574 |
| 245 00 - TITLE STATEMENT | |
| Title | Communities and Local Government Committee |
| Remainder of title | eleventh report |
| Medium | [electronic resource] |
| 260 ## - PUBLICATION, DISTRIBUTION, ETC. | |
| Place of publication, distribution, etc. | London |
| Name of publisher, distributor, etc. | UK Parliament |
| Date of publication, distribution, etc. | 2008 |
| 520 ## - SUMMARY, ETC. | |
| Summary, etc. | Reports that there is a significant risk that that major government targets for housebuilding and regeneration will be missed because the system is unable to manage the volume or variety of tasks required between now and 2020. Wider economic well-being and delivery of the Government's environmental priorities could also be hindered. Two linked problems need to be addressed urgently to prevent this: a drastic shortage of planning officers and a significant and growing skills gap among those planners who remain within the system. The shortage of planners looks unlikely to be resolved in the short-medium term. Argues that government needs to raise the general status of planning within local government structures and to provide means by which planners can widen and improve their skills to obtain the greatest benefit from developments for the areas they serve. States that efforts to raise the number of students taking planning-related university courses have been more successful, but will take time to bring able and experienced planning officers into the system. |
| 590 ## - LOCAL NOTE (RLIN) | |
| Local note | KA NTK |
| 651 #4 - SUBJECT ADDED ENTRY--GEOGRAPHIC NAME | |
| Geographic name | United Kingdom |
| Chronological subdivision | |
| 690 ## - LOCAL SUBJECT ADDED ENTRY--TOPICAL TERM (OCLC, RLIN) | |
| Topical term or geographic name as entry element | ENVIRONMENTAL AND LAND CONSULTANCY-PLANNING AND DEVELOPMENT-STRATEGIC PLANNING |
| 856 40 - ELECTRONIC LOCATION AND ACCESS | |
| Uniform Resource Identifier | <a href="https://www.publications.parliament.uk/pa/cm200708/cmselect/cmcomloc/517/51702.htm">https://www.publications.parliament.uk/pa/cm200708/cmselect/cmcomloc/517/51702.htm</a> |
| Public note | View the item free of charge at www.publications.parliament.uk... |
| 942 ## - ADDED ENTRY ELEMENTS (KOHA) | |
| Suppress in OPAC | 0 |
| Withdrawn status | Lost status | Source of classification or shelving scheme | Damaged status | Not for loan | Home library | Current library | Shelving location | Date acquired | Total Checkouts | Full call number | Barcode | Date last seen | Copy number | Price effective from | Koha item type |
|---|---|---|---|---|---|---|---|---|---|---|---|---|---|---|---|
| Dewey Decimal Classification | Virtual | Virtual | Online | 25/07/2008 | ONLINE PUBLICATION | 144522-2001 | 06/08/2019 | 1 | 06/08/2019 | Book |